Tilastot visalle Kahden valtion välissä olevat valtiot

Klikkaa tästä pelataksesi tätä visaa!

Yleistilastot

  • Tätä visaa on pelattu 514 kertaa
  • Keskiarvotulos 11 / 18

Vastaustilastot

Valtiot% Oikein
Andorra
82%
Kiina
82%
Ranska
81%
Espanja
80%
Venäjä
78%
Mongolia
77%
Sveitsi
74%
Intia
73%
Liechtenstein
73%
Nepal
73%
Itävalta
70%
Bhutan
65%
Swazimaa
44%
Etelä-Afrikka
43%
Mosambik
40%
Moldova
36%
Ukraina
36%
Romania
35%

Tulosjakauma

Persentiili vastausten määrän mukaan

Jokaisen tuloksen saaneiden osuus

Tuloshistoriasi

Et ole pelannut tätä visaa